| 000 | 00440nam a2200157Ia 4500 | ||
|---|---|---|---|
| 003 | GCL | ||
| 008 | 140319s9999 xx 000 0 eng d | ||
| 040 |
_aGCL / _cGCL |
||
| 082 | 0 | 4 |
_a621.31 _bM M |
| 100 | 1 | _aMESSERLE, HUGO K. | |
| 245 | 1 | 0 |
_aMAGNET HYDRODYNAMIC ELECTRICAL POWER / _cMESSERLE, HUGO K. |
| 260 |
_a[S.N] : _bCHICHESTER |
||
| 650 | 0 | 4 | _aMAGNETIC HYDRODYNAMIC GENERATOR |
| 650 | 0 | 4 | _aELECTRIC POWER PRODUCTION |
| 942 |
_2ddc _cBK |
||
| 999 |
_c11347 _d11347 |
||